[Event "32. Copenhagen Open (Politiken Cup)"]
[Site "Elsinore"]
[Date "2010.08.03"]
[Round "5"]
[White "Johansen, Johnny Holler"]
[Black "Schroer, Marcel"]
[Result "0-1"]
[WhiteElo "1918"]
[BlackElo "2106"]
[PlyCount "172"]
[EventDate "2010.07.31"]
[EventType "swiss"]
[EventRounds "10"]
[EventCountry "DEN"]
[Source "ChessBase"]
[SourceDate "2010.09.01"]

1. e4 c6 2. Nc3 d5 3. Nf3 Bg4 4. exd5 cxd5 5. d4 e6 6. Be2 Nc6 7. O-O Nf6 8.
Bf4 Be7 9. Qd2 O-O 10. h3 Bxf3 11. Bxf3 a6 12. Rfe1 b5 13. Rad1 Rc8 14. a4 b4
15. Nb1 Na5 16. b3 Nb7 17. Qd3 Rc6 18. c3 bxc3 19. Rc1 Bb4 20. Nxc3 Qc8 21. Bd2
Na5 22. Nb1 Bxd2 23. Rxc6 Qxc6 24. Nxd2 Rc8 25. Be2 Ra8 26. b4 Nb7 27. b5 axb5
28. Qxb5 Qxb5 29. Bxb5 Nd6 30. Rb1 Kf8 31. Kf1 Nxb5 32. axb5 Nd7 33. Ke2 Nb6
34. Kd3 Ke7 35. Rb2 Kd7 36. Rc2 Ra5 37. Rb2 Ra4 38. f4 Kc7 39. Rc2+ Kb7 40. Rb2
Ra3+ 41. Ke2 Na4 42. Rc2 Nc3+ 43. Kf2 Nxb5 44. Nf3 Nd6 45. Ne5 f6 46. Nf3 Ne4+
47. Ke1 Kb6 48. Ke2 Ra7 49. Ke3 Ra3+ 50. Ke2 Rc3 51. Ra2 Rc7 52. Rb2+ Kc6 53.
g4 Kd6 54. Rb6+ Ke7 55. Rb3 h6 56. Nh4 Kf7 57. Ra3 g5 58. fxg5 hxg5 59. Nf3
Rc2+ 60. Kd3 Rc7 61. Ke2 Nc3+ 62. Kd3 Nb5 63. Rb3 Nd6 64. Ke2 Rb7 65. Ra3 Nc4
66. Ra2 Rb2+ 67. Rxb2 Nxb2 68. Ke3 Nd1+ 69. Ke2 Nc3+ 70. Ke3 Ne4 71. h4 gxh4
72. Nxh4 Ke7 73. Nf3 Ng5 74. Nh4 Kd6 75. Kf4 Kc6 76. Ng6 Kb5 77. Ne7 Kc4 78.
Nc6 Kd3 79. Kg3 Ke4 80. Ne7 Kxd4 81. Ng8 Ke5 82. Kf2 d4 83. Ke2 Ne4 84. Nh6 Kf4
85. Kd3 e5 86. Ke2 Kg5 0-1

[Event "32. Copenhagen Open (Politiken Cup)"]
[Site "Elsinore"]
[Date "2010.08.03"]
[Round "5"]
[White "Jorgensen, Dennis"]
[Black "Skovgaard, Tom"]
[Result "1-0"]
[WhiteElo "2216"]
[BlackElo "2014"]
[PlyCount "75"]
[EventDate "2010.07.31"]
[EventType "swiss"]
[EventRounds "10"]
[EventCountry "DEN"]
[Source "ChessBase"]
[SourceDate "2010.09.01"]

1. d4 Nf6 2. Nf3 e6 3. g3 d5 4. Bg2 c5 5. O-O Nc6 6. c4 Be7 7. cxd5 exd5 8. Nc3
O-O 9. dxc5 Be6 10. Be3 Ng4 11. Bd4 Nxd4 12. Nxd4 Bxc5 13. Nb3 Qb6 14. Nxc5
Qxc5 15. Nxd5 Rad8 16. e4 Bxd5 17. exd5 Nf6 18. Qb3 Nxd5 19. Qxb7 Nf6 20. b4
Qd4 21. a3 Rd7 22. Qf3 Re7 23. Rad1 Qc4 24. Rfe1 Rxe1+ 25. Rxe1 h5 26. h4 Rd8
27. Bf1 Qc2 28. Bh3 Qb2 29. Bf5 g6 30. Bh3 Rd2 31. Qa8+ Kg7 32. Qxa7 Re2 33.
Rxe2 Qxe2 34. Qd4 Qa6 35. Qb2 Kg8 36. b5 Qd6 37. b6 Qd1+ 38. Kh2 1-0

[Event "32. Copenhagen Open (Politiken Cup)"]
[Site "Elsinore"]
[Date "2010.08.03"]
[Round "5"]
[White "Jorgensen, Michael"]
[Black "Eriksson, Christian Altenburg"]
[Result "1-0"]
[WhiteElo "2230"]
[BlackElo "2128"]
[PlyCount "71"]
[EventDate "2010.07.31"]
[EventType "swiss"]
[EventRounds "10"]
[EventCountry "DEN"]
[Source "ChessBase"]
[SourceDate "2010.09.01"]

1. d4 d5 2. c4 dxc4 3. Nf3 Nf6 4. e3 e6 5. Bxc4 c5 6. O-O a6 7. a4 Nc6 8. Qe2
Qc7 9. Nc3 Bd6 10. Bd2 O-O 11. Rad1 b6 12. Bc1 Bb7 13. h3 cxd4 14. exd4 Nb4 15.
Ne5 Nbd5 16. Ba2 Nxc3 17. bxc3 Bxe5 18. Qxe5 Qxe5 19. dxe5 Ne4 20. Bb2 Rfc8 21.
f4 g6 22. Rd7 Bc6 23. Rd4 Nc5 24. a5 bxa5 25. g4 Na4 26. Ba1 Rd8 27. f5 Rxd4
28. cxd4 Bd5 29. Bxd5 exd5 30. f6 Rc8 31. Rb1 h6 32. h4 h5 33. g5 Nc3 34. Bxc3
Rxc3 35. Rb8+ Kh7 36. e6 1-0

[Event "32. Copenhagen Open (Politiken Cup)"]
[Site "Elsinore"]
[Date "2010.08.03"]
[Round "5"]
[White "Jorgensen, Rasmus"]
[Black "Jacobsen, Bo"]
[Result "1/2-1/2"]
[WhiteElo "2098"]
[BlackElo "2335"]
[PlyCount "163"]
[EventDate "2010.07.31"]
[EventType "swiss"]
[EventRounds "10"]
[EventCountry "DEN"]
[Source "ChessBase"]
[SourceDate "2010.09.01"]

1. e4 e5 2. Nf3 d6 3. d4 exd4 4. Nxd4 Nf6 5. Nc3 Be7 6. Bc4 O-O 7. O-O Nc6 8.
h3 Nxd4 9. Qxd4 a6 10. a4 b6 11. Bf4 Bb7 12. Rfe1 Re8 13. Rad1 h6 14. Nd5 Nxd5
15. Bxd5 Bxd5 16. Qxd5 Bf6 17. e5 dxe5 18. Qc6 Qc8 19. Bg3 Re6 20. Qc3 Qe8 21.
Qxc7 Rc8 22. Qb7 Rxc2 23. Rd7 Qc8 24. Qa7 Rxb2 25. Rxf7 Kh7 26. Rd1 e4 27. Rdd7
Qc3 28. Kh2 e3 29. Rc7 exf2 30. Qxa6 Re1 31. Rxc3 f1=Q 32. Qxf1 Rxf1 33. Rcc7
Rbb1 34. Bd6 Rbd1 35. Rxg7+ Bxg7 36. Be5 Kg6 37. Rxg7+ Kf5 38. Bc7 Kf6 39. Rh7
Kg6 40. Re7 Rf6 41. Re2 Rc6 42. Bb8 Rd4 43. Ra2 Rd8 44. Bf4 Kf5 45. g3 Ra8 46.
Kg2 b5 47. a5 b4 48. Rb2 Rxa5 49. Rxb4 Rc2+ 50. Kf3 Rc3+ 51. Be3 Re5 52. Rf4+
Ke6 53. Re4 h5 54. Kf4 Rxe4+ 55. Kxe4 Kf7 56. Bf4 Kg6 57. h4 Rc4+ 58. Ke5 Rc8
59. Bg5 Re8+ 60. Kf4 Rf8+ 61. Ke4 Rf1 62. Ke5 Re1+ 63. Kf4 Re8 64. Kf3 Kf5 65.
Bf4 Rd8 66. Kf2 Ke4 67. Ke2 Rd3 68. Kf2 Rf3+ 69. Ke2 Ra3 70. Ke1 Kf3 71. Bc7
Re3+ 72. Kf1 Re6 73. Bf4 Re7 74. Kg1 Re1+ 75. Kh2 Re2+ 76. Kg1 Re1+ 77. Kh2 Rb1
78. Be5 Kf2 79. Bd4+ Kf1 80. Be5 Re1 81. Bf4 Re2+ 82. Kh1 1/2-1/2

[Event "32. Copenhagen Open (Politiken Cup)"]
[Site "Elsinore"]
[Date "2010.08.03"]
[Round "5"]
[White "Justinussen, Sigurd B"]
[Black "Christensen, Bo Garner"]
[Result "0-1"]
[WhiteElo "1941"]
[BlackElo "2288"]
[PlyCount "112"]
[EventDate "2010.07.31"]
[EventType "swiss"]
[EventRounds "10"]
[EventCountry "DEN"]
[Source "ChessBase"]
[SourceDate "2010.09.01"]

1. e4 c5 2. Nf3 Nc6 3. d4 cxd4 4. Nxd4 Nf6 5. Nc3 d6 6. Be2 e6 7. Be3 Be7 8.
O-O O-O 9. f3 a6 10. Qd2 Qc7 11. Nxc6 bxc6 12. Bd3 Rb8 13. Rab1 c5 14. b3 Nd7
15. Bf4 Rb4 16. Ne2 Bf6 17. c3 Rb6 18. Ng3 Bb7 19. Nh5 Be5 20. Bxe5 Nxe5 21.
Bc2 d5 22. f4 dxe4 23. fxe5 Qxe5 24. Qe2 f5 25. Qe3 Rd6 26. Rbd1 Rxd1 27. Bxd1
h6 28. Qg3 Qxg3 29. hxg3 g5 30. Be2 Kf7 31. Rd1 Ke7 32. Bc4 Bc8 33. Kf2 f4 34.
Be2 Bb7 35. Bg4 Rf7 36. b4 cxb4 37. cxb4 Bd5 38. Be2 Kd6 39. Bxa6 Ke5 40. a4
Rc7 41. gxf4+ gxf4 42. Re1 Rc2+ 43. Re2 e3+ 44. Kg1 Rc1+ 45. Kh2 Rb1 46. Bb5
Rxb4 47. Kh3 Kf5 48. g3 e5 49. Bd3+ Kg5 50. gxf4+ exf4 51. Ng7 Rxa4 52. Nf5 Ra1
53. Ng3 fxg3 54. Kxg3 Rg1+ 55. Kh2 Rd1 56. Rxe3 Kf4 0-1

[Event "32. Copenhagen Open (Politiken Cup)"]
[Site "Elsinore"]
[Date "2010.08.03"]
[Round "5"]
[White "Knudsen, Joachim Holm"]
[Black "Oxener, Aldo"]
[Result "1-0"]
[WhiteElo "1756"]
[BlackElo "1494"]
[PlyCount "47"]
[EventDate "2010.07.31"]
[EventType "swiss"]
[EventRounds "10"]
[EventCountry "DEN"]
[Source "ChessBase"]
[SourceDate "2010.09.01"]

1. d4 d5 2. Nf3 Nf6 3. c4 dxc4 4. Nc3 Bg4 5. e3 Nc6 6. Bxc4 e6 7. O-O Bd6 8. b3
O-O 9. Bb2 Qd7 10. d5 Bxf3 11. Qxf3 Ne5 12. Qe2 Nxc4 13. bxc4 e5 14. e4 Rad8
15. Rab1 c6 16. Rfc1 Ng4 17. Nd1 f5 18. c5 Be7 19. h3 Nf6 20. d6 Bxd6 21. cxd6
Qxd6 22. exf5 Nd5 23. Qxe5 Qd7 24. Qe6+ 1-0

[Event "32. Copenhagen Open (Politiken Cup)"]
[Site "Elsinore"]
[Date "2010.08.03"]
[Round "5"]
[White "Krasenkova, Ilena"]
[Black "Christiansen, Johan Sebastian"]
[Result "1-0"]
[WhiteElo "2128"]
[BlackElo "1921"]
[PlyCount "109"]
[EventDate "2010.07.31"]
[EventType "swiss"]
[EventRounds "10"]
[EventCountry "DEN"]
[Source "ChessBase"]
[SourceDate "2010.09.01"]

1. d4 Nf6 2. c4 e6 3. g3 Bb4+ 4. Bd2 Qe7 5. Bg2 Nc6 6. Nf3 Ne4 7. O-O d5 8. Be3
dxc4 9. Qc2 Nd6 10. a3 Ba5 11. Ne5 Bd7 12. Nxc4 Bb6 13. Nxb6 axb6 14. Nc3 Nf5
15. Rad1 Nxe3 16. fxe3 Qg5 17. Qd3 h5 18. e4 h4 19. e5 Qh5 20. Rf4 hxg3 21.
hxg3 g5 22. Rf6 Qg4 23. Ne4 O-O-O 24. Qf3 Qxf3 25. Bxf3 Be8 26. e3 Rg8 27. Rc1
Kb8 28. Bh5 Rg7 29. Rh6 Kc8 30. Bf3 Bd7 31. Nf6 Ne7 32. Rh2 Bb5 33. Rhc2 c6 34.
Be4 Nd5 35. Bxd5 exd5 36. Rh2 Bc4 37. Kf2 Kc7 38. Rch1 Bd3 39. Rh8 Rxh8 40.
Rxh8 Rg6 41. Rf8 Rh6 42. Rxf7+ Kc8 43. Kg2 Be4+ 44. Nxe4 dxe4 45. Rg7 c5 46.
Rxg5 cxd4 47. exd4 e3 48. Kf3 e2 49. Kxe2 Rh2+ 50. Kd3 Rxb2 51. d5 Rb3+ 52. Ke4
Rxa3 53. d6 Kd7 54. Rg7+ Ke6 55. Re7# 1-0

[Event "32. Copenhagen Open (Politiken Cup)"]
[Site "Elsinore"]
[Date "2010.08.03"]
[Round "5"]
[White "Kristinsson, Bjarni Jens"]
[Black "Nielsen, Palle"]
[Result "0-1"]
[WhiteElo "2044"]
[BlackElo "1851"]
[PlyCount "53"]
[EventDate "2010.07.31"]
[EventType "swiss"]
[EventRounds "10"]
[EventCountry "DEN"]
[Source "ChessBase"]
[SourceDate "2010.09.01"]

1. d4 e6 2. Nf3 Nf6 3. g3 d5 4. Bg2 c5 5. O-O Nc6 6. a3 b5 7. b3 Qb6 8. Bb2 c4
9. Nbd2 Rb8 10. Re1 Be7 11. e4 O-O 12. e5 Nh5 13. b4 f5 14. exf6 Bxf6 15. c3
Bd7 16. Ne5 Nxe5 17. dxe5 Bxe5 18. Rxe5 Rxf2 19. Kh1 Rbf8 20. Qe1 Nf6 21. h3
Ne4 22. Nxe4 dxe4 23. Bc1 Qd6 24. Bf4 R2xf4 25. gxf4 Rxf4 26. Rxe4 Rf6 27. Rd1
0-1

[Event "32. Copenhagen Open (Politiken Cup)"]
[Site "Elsinore"]
[Date "2010.08.03"]
[Round "5"]
[White "Kyrkjebo, Eirik"]
[Black "Jonsson, Lennart"]
[Result "0-1"]
[WhiteElo "1770"]
[BlackElo "2105"]
[PlyCount "64"]
[EventDate "2010.07.31"]
[EventType "swiss"]
[EventRounds "10"]
[EventCountry "DEN"]
[Source "ChessBase"]
[SourceDate "2010.09.01"]

1. e4 c5 2. Nc3 e5 3. Bc4 d6 4. d3 Be6 5. Nd5 Nf6 6. Bg5 Be7 7. Nxe7 Qxe7 8.
Ne2 Nbd7 9. O-O h6 10. Bxf6 Nxf6 11. Bxe6 Qxe6 12. f4 exf4 13. Nxf4 Qe5 14. Qf3
O-O 15. c3 b5 16. Rf2 Rab8 17. Re1 d5 18. Rfe2 dxe4 19. dxe4 c4 20. Nd5 Nd7 21.
Qf5 Qd6 22. Rf1 Rbe8 23. Ref2 Ne5 24. Qh5 Ng6 25. Qg4 Qe5 26. Re2 h5 27. Qf5 a5
28. Qxe5 Rxe5 29. Rf5 Rfe8 30. Rxe5 Rxe5 31. Kf2 f5 32. Kf3 fxe4+ 0-1

[Event "32. Copenhagen Open (Politiken Cup)"]
[Site "Elsinore"]
[Date "2010.08.03"]
[Round "5"]
[White "Landa, Konstantin"]
[Black "Hillarp Persson, Tiger"]
[Result "1-0"]
[WhiteElo "2598"]
[BlackElo "2538"]
[PlyCount "51"]
[EventDate "2010.07.31"]
[EventType "swiss"]
[EventRounds "10"]
[EventCountry "DEN"]
[Source "ChessBase"]
[SourceDate "2010.09.01"]

1. d4 Nf6 2. Nf3 g6 3. c4 Bg7 4. Nc3 d5 5. e3 O-O 6. cxd5 Nxd5 7. Bc4 Nxc3 8.
bxc3 c5 9. O-O Nc6 10. Ba3 cxd4 11. cxd4 Bf5 12. Rc1 Rc8 13. Bb5 Be4 14. Qe2 a6
15. Bd3 Qd5 16. Bxe4 Qxe4 17. Bc5 Rfd8 18. Nd2 Qe6 19. Nb3 Nxd4 20. Bxd4 Rxc1
21. Nxc1 Bxd4 22. exd4 Rxd4 23. Qxe6 fxe6 24. Nb3 Rb4 25. f3 Kf7 26. Re1 1-0

[Event "32. Copenhagen Open (Politiken Cup)"]
[Site "Elsinore"]
[Date "2010.08.03"]
[Round "5"]
[White "Larsen, Karsten"]
[Black "Greeuw, Sietske"]
[Result "1-0"]
[WhiteElo "2293"]
[BlackElo "1970"]
[PlyCount "143"]
[EventDate "2010.07.31"]
[EventType "swiss"]
[EventRounds "10"]
[EventCountry "DEN"]
[Source "ChessBase"]
[SourceDate "2010.09.01"]

1. Nf3 c5 2. c4 Nf6 3. Nc3 Nc6 4. g3 g6 5. Bg2 Bg7 6. O-O O-O 7. d3 d6 8. a3 a6
9. Rb1 Rb8 10. b4 Nd7 11. b5 Nd4 12. Nxd4 cxd4 13. Na4 b6 14. bxa6 Bxa6 15. Bd2
Bb7 16. Rb4 Bxg2 17. Kxg2 Nc5 18. Qc2 Ra8 19. Ra1 Nxa4 20. Rxa4 Qd7 21. Rb4 Qe6
22. Bc1 d5 23. Rab1 dxc4 24. Rxc4 Rfc8 25. Rbb4 h5 26. h4 Kh7 27. Kg1 Kg8 28.
a4 Kh7 29. Qb2 Rxc4 30. Rxc4 Rc8 31. Rxc8 Qxc8 32. Bd2 Qe6 33. Bf4 Qc6 34. Qb3
e6 35. f3 Qd7 36. Kg2 Qc6 37. Qc4 Qxc4 38. dxc4 Bf8 39. Be5 Bc5 40. Bf6 Kg8 41.
Kf2 Kf8 42. Ke1 e5 43. Bxe5 Ke7 44. Kd2 f6 45. Bf4 Kd7 46. Kd3 Kc6 47. Bd2 Kd6
48. f4 f5 49. Be1 Kc6 50. Bd2 Kd6 51. Bc1 Kc6 52. Bb2 Bb4 53. Kxd4 Be1 54. Ke5
Bxg3 55. Kf6 Bxh4+ 56. Kxg6 Bg3 57. Kxf5 Kc5 58. e3 Kxc4 59. Bd4 Kb4 60. Bxb6
Kxa4 61. Kg5 Kb5 62. Bd8 Bf2 63. e4 Bg3 64. e5 Kc6 65. e6 Kd6 66. f5 h4 67. Kg4
Be1 68. Bxh4 Bc3 69. Bd8 Bd2 70. Kh5 Bc3 71. Kg6 Be1 72. Kf7 1-0

[Event "32. Copenhagen Open (Politiken Cup)"]
[Site "Elsinore"]
[Date "2010.08.03"]
[Round "5"]
[White "Larsen, Tor Ketil"]
[Black "Larsen, Eigil"]
[Result "1-0"]
[WhiteElo "2022"]
[BlackElo "1813"]
[PlyCount "37"]
[EventDate "2010.07.31"]
[EventType "swiss"]
[EventRounds "10"]
[EventCountry "DEN"]
[Source "ChessBase"]
[SourceDate "2010.09.01"]

1. e4 c6 2. d4 d5 3. e5 Bf5 4. Nf3 e6 5. Be2 c5 6. c4 Nc6 7. cxd5 exd5 8. dxc5
Bxc5 9. Bd3 Bb4+ 10. Kf1 Bg4 11. Bf4 Nge7 12. Nbd2 Ng6 13. Bxg6 fxg6 14. h3
Bxd2 15. Bxd2 Bxf3 16. Qxf3 Nxe5 17. Re1 Qf6 18. Qxd5 Rd8 19. Rxe5+ 1-0

[Event "32. Copenhagen Open (Politiken Cup)"]
[Site "Elsinore"]
[Date "2010.08.03"]
[Round "5"]
[White "Laursen, Niels Norskov"]
[Black "Jensen, Michael Agermose"]
[Result "1/2-1/2"]
[WhiteElo "2215"]
[BlackElo "2084"]
[PlyCount "77"]
[EventDate "2010.07.31"]
[EventType "swiss"]
[EventRounds "10"]
[EventCountry "DEN"]
[Source "ChessBase"]
[SourceDate "2010.09.01"]

1. e4 c5 2. Nf3 d6 3. d4 cxd4 4. Nxd4 Nf6 5. Nc3 g6 6. Be3 Bg7 7. f3 O-O 8. Bc4
Nc6 9. Bb3 Bd7 10. Qe2 Rc8 11. O-O-O Na5 12. g4 Rxc3 13. bxc3 Qc7 14. g5 Nh5
15. Qd3 Rc8 16. Kb2 b5 17. Ne2 b4 18. Bd4 bxc3+ 19. Qxc3 Bxd4 20. Rxd4 Qb6 21.
Qb4 Qa6 22. Nc3 Nf4 23. Nd5 Nxd5 24. Rxd5 Nxb3 25. axb3 Qe2 26. Rd2 Qxf3 27.
Ra1 Qe3 28. Qd4 Qxg5 29. e5 Be6 30. exd6 exd6 31. Rxa7 Qb5 32. Qxd6 Rxc2+ 33.
Kxc2 Qxb3+ 34. Kc1 Qc3+ 35. Kb1 Bf5+ 36. Ka2 Be6+ 37. Kb1 Bf5+ 38. Ka2 Be6+ 39.
Kb1 1/2-1/2

[Event "32. Copenhagen Open (Politiken Cup)"]
[Site "Elsinore"]
[Date "2010.08.03"]
[Round "5"]
[White "Lundberg, Roland"]
[Black "Rydstrom, Tom"]
[Result "1-0"]
[WhiteElo "2006"]
[BlackElo "1803"]
[PlyCount "99"]
[EventDate "2010.07.31"]
[EventType "swiss"]
[EventRounds "10"]
[EventCountry "DEN"]
[Source "ChessBase"]
[SourceDate "2010.09.01"]

1. c4 e6 2. g3 Nf6 3. Bg2 d5 4. Nf3 Be7 5. O-O O-O 6. d3 b6 7. Nbd2 Bb7 8. Ne5
Nbd7 9. Ndf3 Bd6 10. Bf4 Nh5 11. Nxd7 Qxd7 12. Bxd6 Qxd6 13. Rc1 Rfd8 14. c5
Qe7 15. Qc2 Rac8 16. b4 Bc6 17. Ne5 Be8 18. d4 f6 19. Nd3 e5 20. g4 e4 21. gxh5
exd3 22. Qxd3 Bxh5 23. Rfe1 Bg6 24. Qa6 Be4 25. Bh3 Ra8 26. Qb7 Rdb8 27. Qc6
Kf8 28. Rc3 bxc5 29. Rxc5 a5 30. bxa5 Ra7 31. Qe6 Rba8 32. Rec1 Rxa5 33. Qxe7+
Kxe7 34. Rxc7+ Kf8 35. Be6 Rxa2 36. f3 Bg6 37. Bxd5 R2a5 38. Bxa8 Rxa8 39. Kf1
Bf5 40. Rb7 Bh3+ 41. Ke1 Ra4 42. d5 Ra6 43. Kf2 Rd6 44. e4 Bd7 45. Rcc7 Ke8 46.
Ke3 g5 47. Kd4 h5 48. e5 fxe5+ 49. Kxe5 Ke7 50. Rc6 1-0

[Event "32. Copenhagen Open (Politiken Cup)"]
[Site "Elsinore"]
[Date "2010.08.03"]
[Round "5"]
[White "Macieja, Bartlomiej"]
[Black "Schandorff, Lars"]
[Result "1/2-1/2"]
[WhiteElo "2639"]
[BlackElo "2491"]
[PlyCount "68"]
[EventDate "2010.07.31"]
[EventType "swiss"]
[EventRounds "10"]
[EventCountry "DEN"]
[Source "ChessBase"]
[SourceDate "2010.09.01"]

1. c4 e6 2. Nf3 Nf6 3. Nc3 d5 4. d4 Be7 5. Bg5 O-O 6. e3 h6 7. Bh4 Ne4 8. Bxe7
Qxe7 9. Rc1 c6 10. Be2 Nd7 11. O-O Nxc3 12. bxc3 dxc4 13. Bxc4 b6 14. a4 Bb7
15. Qe2 c5 16. Ba6 Nf6 17. Ne5 Rab8 18. a5 Nd7 19. Nf3 Nf6 20. Ne5 Nd7 21. Nf3
Nf6 22. axb6 axb6 23. Bxb7 Qxb7 24. Qb5 Rfc8 25. Ne5 Ne4 26. Nd3 Nd6 27. Qb1
Rc7 28. f3 Rbc8 29. dxc5 bxc5 30. Qxb7 Rxb7 31. c4 Rb3 32. Rfd1 Nxc4 33. Rxc4
Rd8 34. Rxc5 Rbxd3 1/2-1/2

[Event "32. Copenhagen Open (Politiken Cup)"]
[Site "Elsinore"]
[Date "2010.08.03"]
[Round "5"]
[White "Marshall, Michael"]
[Black "Jacobsen, Caroline Beer"]
[Result "1-0"]
[WhiteElo "1901"]
[BlackElo "1590"]
[PlyCount "103"]
[EventDate "2010.07.31"]
[EventType "swiss"]
[EventRounds "10"]
[EventCountry "DEN"]
[Source "ChessBase"]
[SourceDate "2010.09.01"]

1. d4 Nf6 2. Nf3 g6 3. Nc3 d5 4. Bf4 Bg7 5. e3 O-O 6. Be2 c5 7. h3 Nc6 8. O-O
c4 9. b3 Qa5 10. Qd2 b5 11. a3 Qb6 12. Rfb1 Bd7 13. bxc4 dxc4 14. Bxc4 Na5 15.
Bxb5 Bxb5 16. Rxb5 Qa6 17. Rc5 Rfc8 18. Rxc8+ Rxc8 19. Ne5 Nc4 20. Qd3 Nh5 21.
Bh2 Qe6 22. Nf3 Qc6 23. Nd1 Nf6 24. Ra2 Qb5 25. Nd2 Qc6 26. Nxc4 Qxc4 27. Qxc4
Rxc4 28. Be5 Nd7 29. Bxg7 Kxg7 30. Kf1 Nb6 31. Ke2 f5 32. Kd3 Kf6 33. Nb2 Rc6
34. c4 e6 35. a4 a5 36. Ra3 Ke7 37. Rb3 Kd7 38. Rb5 Kc7 39. Rxa5 Kb7 40. Rb5
Ka7 41. f3 h6 42. e4 h5 43. d5 exd5 44. exd5 Rd6 45. Kd4 h4 46. a5 Na8 47. c5
Rd8 48. d6 Ka6 49. Kc4 g5 50. Nd3 Ka7 51. Nb4 Rd7 52. Nc6+ 1-0

[Event "32. Copenhagen Open (Politiken Cup)"]
[Site "Elsinore"]
[Date "2010.08.03"]
[Round "5"]
[White "Mchedlishvili, Mikheil"]
[Black "Schou Moldt, Thomas"]
[Result "1-0"]
[WhiteElo "2625"]
[BlackElo "2183"]
[PlyCount "83"]
[EventDate "2010.07.31"]
[EventType "swiss"]
[EventRounds "10"]
[EventCountry "DEN"]
[Source "ChessBase"]
[SourceDate "2010.09.01"]

1. Nf3 Nf6 2. d4 c5 3. d5 d6 4. Nc3 Qa5 5. Bd2 b5 6. a3 a6 7. b4 Qc7 8. Qb1 Bb7
9. e4 e6 10. bxc5 exd5 11. cxd6 Bxd6 12. Bxb5+ Kf8 13. e5 Bxe5 14. Nxe5 Qxe5+
15. Be2 Bc6 16. Qb4+ Kg8 17. O-O a5 18. Qf4 Nbd7 19. Rfe1 d4 20. Nb5 Qd5 21.
Qg5 Qxg5 22. Bxg5 Bxb5 23. Bxb5 h6 24. Bd2 Nc5 25. Re5 Rc8 26. Bxa5 Kh7 27. Rd1
Ne6 28. g3 g6 29. Rd2 Ng4 30. Re4 Nf6 31. Ree2 Rc5 32. a4 Rb8 33. Bb4 Rcxb5 34.
axb5 Rxb5 35. Bd6 Rb1+ 36. Kg2 Nd5 37. c4 Nc3 38. Re5 Ra1 39. c5 Ra4 40. c6 Rc4
41. c7 Na4 42. Rxe6 1-0

[Event "32. Copenhagen Open (Politiken Cup)"]
[Site "Elsinore"]
[Date "2010.08.03"]
[Round "5"]
[White "Meier, Georg"]
[Black "Brynell, Stellan"]
[Result "1-0"]
[WhiteElo "2648"]
[BlackElo "2495"]
[PlyCount "79"]
[EventDate "2010.07.31"]
[EventType "swiss"]
[EventRounds "10"]
[EventCountry "DEN"]
[Source "ChessBase"]
[SourceDate "2010.09.01"]

1. d4 e6 2. c4 Nf6 3. g3 c5 4. d5 exd5 5. cxd5 d6 6. Bg2 g6 7. Nf3 Bg7 8. O-O
O-O 9. Nc3 Re8 10. Bf4 a6 11. a4 Qc7 12. Rc1 Nbd7 13. b4 Nh5 14. Bd2 Nhf6 15.
a5 Qd8 16. Na4 Nxd5 17. Bg5 N7f6 18. Bxf6 Nxf6 19. bxc5 dxc5 20. Qxd8 Rxd8 21.
Nxc5 Rb8 22. e3 Ne8 23. Rfd1 Rxd1+ 24. Rxd1 Kf8 25. Nd7+ Bxd7 26. Rxd7 Nf6 27.
Rc7 Ne8 28. Rd7 Nf6 29. Rc7 Ne8 30. Rc1 Nd6 31. Ng5 h6 32. Ne4 Ke7 33. g4 g5
34. h3 Be5 35. Rc7+ Kd8 36. Rc5 Nxe4 37. Rxe5 Nd6 38. f4 f6 39. Re6 Ne8 40. f5
1-0

[Event "32. Copenhagen Open (Politiken Cup)"]
[Site "Elsinore"]
[Date "2010.08.03"]
[Round "5"]
[White "Molvig, Henrik"]
[Black "Knudsen, Jes West"]
[Result "1/2-1/2"]
[WhiteElo "2179"]
[BlackElo "1985"]
[PlyCount "59"]
[EventDate "2010.07.31"]
[EventType "swiss"]
[EventRounds "10"]
[EventCountry "DEN"]
[Source "ChessBase"]
[SourceDate "2010.09.01"]

1. d4 f5 2. Nc3 d5 3. Bf4 Nf6 4. Nf3 e6 5. e3 Bd6 6. Bd3 Bxf4 7. exf4 Nc6 8.
O-O O-O 9. Ne2 Nb4 10. Nc1 Nxd3 11. Nxd3 Ne4 12. Nfe5 Rf6 13. f3 Nd6 14. Qe1
Rh6 15. c3 Bd7 16. Nxd7 Qxd7 17. Rf2 Nf7 18. Re2 Re8 19. Qf2 Qb5 20. Qe3 Rg6
21. Rae1 Qc6 22. Qd2 h5 23. Re3 Rf6 24. Qf2 Kh7 25. Kh1 Rh6 26. Qh4 Qd6 27. Ne5
Nxe5 28. fxe5 Qa6 29. a3 b6 30. Qf2 1/2-1/2

[Event "32. Copenhagen Open (Politiken Cup)"]
[Site "Elsinore"]
[Date "2010.08.03"]
[Round "5"]
[White "Munk, Poul"]
[Black "Hobber, Anders"]
[Result "1/2-1/2"]
[WhiteElo "1959"]
[BlackElo "2135"]
[PlyCount "54"]
[EventDate "2010.07.31"]
[EventType "swiss"]
[EventRounds "10"]
[EventCountry "DEN"]
[Source "ChessBase"]
[SourceDate "2010.09.01"]

1. d4 e6 2. c4 d5 3. Nc3 Nf6 4. Bg5 Nbd7 5. e3 c6 6. Nf3 Be7 7. Rc1 O-O 8. Bd3
h6 9. Bh4 dxc4 10. Bxc4 b5 11. Bd3 Bb7 12. O-O b4 13. Na4 Qa5 14. b3 Rfd8 15.
Qe2 c5 16. Bxf6 gxf6 17. dxc5 Nxc5 18. Nxc5 Bxc5 19. Rfd1 Bd6 20. Rc4 Qh5 21.
h3 Bxf3 22. Qxf3 Qxf3 23. gxf3 Kf8 24. Be4 Rab8 25. f4 Ke7 26. Kf1 Rbc8 27.
Rdc1 Rxc4 1/2-1/2

[Event "32. Copenhagen Open (Politiken Cup)"]
[Site "Elsinore"]
[Date "2010.08.03"]
[Round "5"]
[White "Nielsen, Borge Hjerrild"]
[Black "Thomsen, Peter"]
[Result "1-0"]
[WhiteElo "2067"]
[BlackElo "1871"]
[PlyCount "65"]
[EventDate "2010.07.31"]
[EventType "swiss"]
[EventRounds "10"]
[EventCountry "DEN"]
[Source "ChessBase"]
[SourceDate "2010.09.01"]

1. d4 Nf6 2. c4 c5 3. d5 b5 4. cxb5 a6 5. bxa6 Bxa6 6. Nc3 g6 7. e4 Bxf1 8.
Kxf1 d6 9. Nf3 Nbd7 10. g3 Bg7 11. Kg2 Qb6 12. Re1 Ng4 13. Qe2 O-O 14. Nd2 h5
15. h3 Nh6 16. Nc4 Qa6 17. Bd2 Kh7 18. Rab1 Rfb8 19. b3 Nb6 20. Nxb6 Qxb6 21.
a4 Qb7 22. Qc4 Qd7 23. Nb5 f5 24. Bxh6 Kxh6 25. exf5 Qxf5 26. Qe4 Qxe4+ 27.
Rxe4 Rxb5 28. axb5 Bf6 29. b4 cxb4 30. Rbxb4 Kg7 31. b6 Kf7 32. b7 Rb8 33. Rec4
1-0

[Event "32. Copenhagen Open (Politiken Cup)"]
[Site "Elsinore"]
[Date "2010.08.03"]
[Round "5"]
[White "Nielsen, Jan Mose"]
[Black "Petersen, Tom Petri"]
[Result "1-0"]
[WhiteElo "2120"]
[BlackElo "2307"]
[PlyCount "121"]
[EventDate "2010.07.31"]
[EventType "swiss"]
[EventRounds "10"]
[EventCountry "DEN"]
[Source "ChessBase"]
[SourceDate "2010.09.01"]

1. d4 Nf6 2. c4 g6 3. Nc3 Bg7 4. e4 d6 5. f3 O-O 6. Be3 c5 7. dxc5 dxc5 8. Qxd8
Rxd8 9. Bxc5 Nc6 10. Nd5 Nd7 11. Ba3 e6 12. Nc7 Rb8 13. O-O-O a6 14. h4 h6 15.
f4 g5 16. hxg5 hxg5 17. g3 Bf8 18. Bd6 Nc5 19. e5 Ne4 20. Rh5 gxf4 21. c5 fxg3
22. Rd3 Nxd6 23. Rxg3+ Bg7 24. exd6 Kf8 25. Kb1 b6 26. Rhg5 bxc5 27. Rxg7 Rxd6
28. Bxa6 Nb4 29. Be2 Bb7 30. R7g4 Rbd8 31. b3 Ke7 32. Nb5 Rd2 33. Nc3 Nc2 34.
Ra4 Bc6 35. Ra7+ Kf8 36. Bh5 R8d7 37. Rxd7 Na3+ 38. Kc1 Rc2+ 39. Kd1 Bxd7 40.
Nge2 f5 41. Bf3 Kf7 42. Rh3 Kg6 43. Rh8 e5 44. Rg8+ Kf6 45. Ra8 e4 46. Bxe4
fxe4 47. Nxe4+ Ke5 48. N4c3 Rxe2 49. Nxe2 Nb5 50. Kd2 Nc7 51. Rh8 Be6 52. Rh5+
Kd6 53. Nc3 Na6 54. Ne4+ Kc6 55. Rh6 Kd5 56. Ng5 Bc8 57. a3 Nc7 58. Nf7 Nb5 59.
a4 Nd4 60. Kc3 Be6 61. Rh5+ 1-0